00760nam a2200217 i 450000100060000000300090000600500170001500700030003200800410003510000210007624501480009725000120024526000380025730000220029549000610031770000250037870000220040370000240042583000610044985200320051031352ES-MaACL20230906154350.0t|030129s1981 sp ||||1| spa d1 aBender, Michael.10aComportamiento general y hábitos de autocuidado / cMichael Bender, Peter J. Valletutti ; [traducido por Roser Berdaguer y Montserra Biosca]. a1ª ed. aBarcelona : bFontanella, c1981. a265 p. ; c18 cm.1 aPrograma para la enseñanza del deficiente mental ; v11 aValletutti, Peter J.1 aBerdaguer, Roser.1 aBiosca, Montserrat.0 aPrograma para la enseñanza del deficiente mental ; v1 aES-MaACLjL-2164 bR.103097